| 000 | 00953nam a2200289Ia 4500 | ||
|---|---|---|---|
| 001 | Para_7641 | ||
| 003 | CHAP | ||
| 008 | 220125s1980 xx 000 0 und d | ||
| 010 | _a206535 | ||
| 040 | _cCHAP | ||
| 082 | _aPA 632.7063 S5 1979 | ||
| 111 |
_aSimposio Nacional de Parasitología Agrícola (7 : 1979 : Guadalajara, Jal.) _9106347 |
||
| 245 |
_aMemoria / _c por Ingenieros Agrónomos Parasitólogos, A. C. |
||
| 260 |
_aGuadalajara, Jal. : _b Ingenieros Agrónomos Parasitólogos |
||
| 300 | _a546 p. | ||
| 500 | _aIncluye : Muestra de agroquímicos y otros insumos | ||
| 650 |
_aAgricultura _x plagas _x congresos _9164527 |
||
| 650 |
_aCultivos _x enfermedades _930262 |
||
| 710 | _aIngenieros Agrónomos Parasitólogos, A. C. | ||
| 901 | _aPA 632.7063 S5 1979 | ||
| 902 | _aA | ||
| 905 | _a0000001980 n 0000000000 00 | ||
| 910 | _a1980 | ||
| 942 | _cPARA | ||
| 942 |
_cPARA _d1 |
||
| 999 |
_c206535 _d206535 |
||